000
00515nam a2200169Ia 4500
008
090711s9999 xx 000 0 und d
082
_b
68414
100
_a
गोगटे शकुंतला
245
_a
मgगजळाSाी तहान
260
_c
1992
300
_a
142
600
_a
गोगटे शकुंतला
630
_a
मgगजळाSाी तहान
700
_a
गोगटे शकुंतला
730
_a
मgगजळाSाी तहान
942
_c
BOOK
999
_c
311012
_d
311012